Historiske personer fra avkoloniseringen (Bilder) - Statistics

General Stats
  • This quiz has been taken 74 times
  • The average score is 7 of 14
Answer Stats
Picture Hint Answer % Correct
Forkjemper for indisk selvstendighet Mahatma Gandhi
93%
Sør-Afrikas første sorte president, 1994-99 Nelson Mandela
86%
Nord-Vietnams kommunistiske diktator, 1945-69 Ho Chi Minh
76%
Indias første statsminister, 1947-64 Nehru
76%
Kongos (omdøpt Zaire) antikommunistiske diktator, 1965-97 Mobutu
55%
Ghanas første statsminister, 1957-60, og president, 1960-66 (stod for afrikansk sosialisme) Kwame Nkrumah
48%
Indias første kvinnelige statsminister, 1966-77, 80-84 Indira Gandhi
41%
Pakistans landsfader Muhammad Ali Jinnah
41%
Filippinenes antikommunistiske diktator + førstedamen, 1965-86 Ferdinand Marcos + Imelda Marcos
38%
Indonesias første president, 1949-68 Sukarno
34%
Tanzanias diktator (stod for afrikansk sosialisme), 1964-85 Julius Nyerere
31%
Pakistans første kvinnelige statsminister, 1988-90, 93-96 Benazir Bhutto
24%
Indonesias antikommunistiske diktator, 1965-98 Suharto
24%
Pakistans antikommunistiske diktator, 1977-88 Muhammad Zia-ul-Haq
21%
No matching quizzes found
Score Distribution
Percent of People with Each Score
Percentile by Number Answered
Your Score History
You have not taken this quiz